Jak číst účetní výkazy základy českého účetnictví a výkaznictví

Saved in:
Bibliographic Details
Main Author: Šteker, Karel
Other Authors: Otrusinová, Milana
Format: Book
Language:Czech
Published: Praha GRADA Publishing 2016
Edition:2. aktualizované a rozšířené vydání
Series:Prosperita firmy
Subjects:
Tags: Add Tag
No Tags, Be the first to tag this record!

MARC

LEADER 00000nam a2200000 4500
001 0248517
005 20240313085919.5
020 |a 978-80-271-0048-4 
020 |a 978-80-271-9351-6 
041 0 |a cze 
044 |a CZ 
245 1 0 |a Jak číst účetní výkazy  |b základy českého účetnictví a výkaznictví  |c Karel Šteker, Milana Otrusinová 
250 |a 2. aktualizované a rozšířené vydání 
264 1 |a Praha  |b GRADA Publishing  |c 2016 
300 |a 284 s. 
490 1 |a Prosperita firmy 
830 0 |a Prosperita firmy 
610 2 0 |a účtovníctvo 
610 2 0 |a úpravy právne 
610 2 0 |a výkazy účtovné 
610 2 0 |a prípady účtovné 
610 2 0 |a majetok dlhodobý 
610 2 0 |a aktíva 
610 2 0 |a kapitál vlastný 
610 2 0 |a rezervy 
610 2 0 |a záväzky 
610 2 0 |a rozlíšenie časové 
610 2 0 |a náklady 
610 2 0 |a výnosy 
610 2 0 |a závierka účtovná 
610 2 0 |a inštitúcie finančné 
610 2 0 |a Česko 
100 1 |a Šteker, Karel 
700 1 |a Otrusinová, Milana